000 00424nam a22001697a 4500
003 MPLRDC
005 20220104124301.0
008 210129b ||||| |||| 00| 0 eng d
082 _a875.463 GOE c.2
100 _aJOHANN WOLFGANG GOETHE
245 _a少年维特的烦恼
_c
250 _a初版
260 _a香港
_b香港上海书局
_c1977
300 _b173
650 _a德国文学
942 _cBK
_o875.463 GOE c.2
999 _c18102
_d18092